| 000 | 00878cam a2200301 4500 | ||
|---|---|---|---|
| 001 | 5680220 | ||
| 003 | GBCCL | ||
| 005 | 20241126110347.0 | ||
| 008 | 721212s1966 tnu b 000 0 eng | ||
| 010 | _a 66015494 | ||
| 035 | _a(OCoLC)ocn687073396 | ||
| 035 | _a5680220 | ||
| 040 |
_aDLC _cCCL _dOCL _dSER _dYUS |
||
| 049 | _aYUTI | ||
| 050 | 0 |
_aBX8495.W5 _b M6 |
|
| 082 |
_a287.092 _aB _bMON |
||
| 100 | 1 |
_aMonk, Robert C. _91353 |
|
| 245 | 1 | 0 |
_aJohn Wesley; his puritan heritage; _ba study of the Christian life _c[by] Robert C. Monk. |
| 260 |
_aNashville, _bAbingdon Press _c[1966] |
||
| 300 |
_a286 p. _c24 cm. |
||
| 500 | _aBased on thesis, Princeton University. | ||
| 504 | _aBibliography: p. 265-278. | ||
| 600 | 1 | 0 |
_aWesley, John, _d1703-1791. _91354 |
| 650 | 0 |
_aPuritans _zEngland. _91355 |
|
| 942 |
_2ddc _cBK _04 |
||
| 947 | _aPCC8414 | ||
| 948 | _aOCLC BHPP RECON | ||
| 999 |
_c865 _d865 |
||